Choch souli / (Record no. 525006)

000 -LEADER
fixed length control field 00464nam a22001697a 4500
003 - CONTROL NUMBER IDENTIFIER
control field NUST
020 ## - INTERNATIONAL STANDARD BOOK NUMBER
Terms of availability Paperback
038 ## - RECORD CONTENT LICENSOR
Staff Name M. Shaban
082 ## - DEWEY DECIMAL CLASSIFICATION NUMBER
Classification number 891.421
Author Mark SAN
100 ## - MAIN ENTRY--PERSONAL NAME
Personal name Sanjrani, Rafique Hamrahi
9 (RLIN) 15804
245 ## - TITLE STATEMENT
Title Choch souli /
Statement of responsibility, etc. Rafique Hamrahi Sanjrani
260 ## - PUBLICATION, DISTRIBUTION, ETC.
Place of publication, distribution, etc. Lyya :
Name of publisher, distributor, etc. Soundar printer,
Date of publication, distribution, etc. 1994.
300 ## - PHYSICAL DESCRIPTION
Extent 109 p. ;
880 ## - ALTERNATE GRAPHIC REPRESENTATION
Linkage 100-01\r
Title رفیق ہمراز سنجرانی
880 ## - ALTERNATE GRAPHIC REPRESENTATION
Linkage 245-02\r
Title سوچ سُولی /
942 ## - ADDED ENTRY ELEMENTS (KOHA)
Source of classification or shelving scheme
Koha item type Book
Holdings
Withdrawn status Lost status Source of classification or shelving scheme Damaged status Not for loan Permanent Location Current Location Shelving location Date acquired Total Checkouts Full call number Barcode Date last seen Price effective from Koha item type
          Central Library (CL) Central Library (CL) Punjabi Literature 06/27/2019   891.421 SAN CL-E-1078 06/27/2019 06/27/2019 Book
© 2023 Central Library, National University of Sciences and Technology. All Rights Reserved.